Information Systems Design and Intelligent Applications Proceedings of Second International Conference INDIA 2015, Volume 1 /

The second international conference on INformation Systems Design and Intelligent Applications (INDIA – 2015) held in Kalyani, India during January 8-9, 2015. The book covers all aspects of information system design, computer science and technology, general sciences, and educational research. Upon a...

Πλήρης περιγραφή

Λεπτομέρειες βιβλιογραφικής εγγραφής
Συγγραφή απο Οργανισμό/Αρχή: SpringerLink (Online service)
Άλλοι συγγραφείς: Mandal, J. K. (Επιμελητής έκδοσης), Satapathy, Suresh Chandra (Επιμελητής έκδοσης), Kumar Sanyal, Manas (Επιμελητής έκδοσης), Sarkar, Partha Pratim (Επιμελητής έκδοσης), Mukhopadhyay, Anirban (Επιμελητής έκδοσης)
Μορφή: Ηλεκτρονική πηγή Ηλ. βιβλίο
Γλώσσα:English
Έκδοση: New Delhi : Springer India : Imprint: Springer, 2015.
Σειρά:Advances in Intelligent Systems and Computing, 339
Θέματα:
Διαθέσιμο Online:Full Text via HEAL-Link
LEADER 03276nam a22005175i 4500
001 978-81-322-2250-7
003 DE-He213
005 20151103124812.0
007 cr nn 008mamaa
008 150120s2015 ii | s |||| 0|eng d
020 |a 9788132222507  |9 978-81-322-2250-7 
024 7 |a 10.1007/978-81-322-2250-7  |2 doi 
040 |d GrThAP 
050 4 |a Q342 
072 7 |a UYQ  |2 bicssc 
072 7 |a COM004000  |2 bisacsh 
082 0 4 |a 006.3  |2 23 
245 1 0 |a Information Systems Design and Intelligent Applications  |h [electronic resource] :  |b Proceedings of Second International Conference INDIA 2015, Volume 1 /  |c edited by J. K. Mandal, Suresh Chandra Satapathy, Manas Kumar Sanyal, Partha Pratim Sarkar, Anirban Mukhopadhyay. 
264 1 |a New Delhi :  |b Springer India :  |b Imprint: Springer,  |c 2015. 
300 |a XXX, 889 p. 325 illus.  |b online resource. 
336 |a text  |b txt  |2 rdacontent 
337 |a computer  |b c  |2 rdamedia 
338 |a online resource  |b cr  |2 rdacarrier 
347 |a text file  |b PDF  |2 rda 
490 1 |a Advances in Intelligent Systems and Computing,  |x 2194-5357 ;  |v 339 
505 0 |a Preface -- about the editors -- table of contents -- chapters -- author index. 
520 |a The second international conference on INformation Systems Design and Intelligent Applications (INDIA – 2015) held in Kalyani, India during January 8-9, 2015. The book covers all aspects of information system design, computer science and technology, general sciences, and educational research. Upon a double blind review process, a number of high quality papers are selected and collected in the book, which is composed of two different volumes, and covers a variety of topics, including natural language processing, artificial intelligence, security and privacy, communications, wireless and sensor networks, microelectronics, circuit and systems, machine learning, soft computing, mobile computing and applications, cloud computing, software engineering, graphics and image processing, rural engineering, e-commerce, e-governance, business computing, molecular computing, nano-computing, chemical computing, intelligent computing for GIS and remote sensing, bio-informatics and bio-computing. These fields are not only limited to computer researchers but also include mathematics, chemistry, biology, bio-chemistry, engineering, statistics, and all others in which computer techniques may assist. 
650 0 |a Engineering. 
650 0 |a Artificial intelligence. 
650 0 |a Computational intelligence. 
650 1 4 |a Engineering. 
650 2 4 |a Computational Intelligence. 
650 2 4 |a Artificial Intelligence (incl. Robotics). 
650 2 4 |a Signal, Image and Speech Processing. 
700 1 |a Mandal, J. K.  |e editor. 
700 1 |a Satapathy, Suresh Chandra.  |e editor. 
700 1 |a Kumar Sanyal, Manas.  |e editor. 
700 1 |a Sarkar, Partha Pratim.  |e editor. 
700 1 |a Mukhopadhyay, Anirban.  |e editor. 
710 2 |a SpringerLink (Online service) 
773 0 |t Springer eBooks 
776 0 8 |i Printed edition:  |z 9788132222491 
830 0 |a Advances in Intelligent Systems and Computing,  |x 2194-5357 ;  |v 339 
856 4 0 |u http://dx.doi.org/10.1007/978-81-322-2250-7  |z Full Text via HEAL-Link 
912 |a ZDB-2-ENG 
950 |a Engineering (Springer-11647)